| 000 | 02000nam a2200277 i 4500 | ||
|---|---|---|---|
| 003 | DO-SdBNP | ||
| 005 | 20231107080912.0 | ||
| 006 | a||||br|||| 00| 0 | ||
| 007 | ta | ||
| 008 | 231101e1977 dr ad||| |||| 00| 0 spa d | ||
| 040 |
_aDO-SdBNP _bspa _cBNPHU _erda |
||
| 082 | 4 |
_222 _bR426pro |
|
| 110 | 1 |
_aRepública Dominicana. _bMinisterio de Educación, Bellas Artes y Cultos _957024 _eautor |
|
| 245 | 1 | 0 |
_aProgramas de primero y segundo cursos: _beducación primaria. / _cPresentación, Leonardo Matos Berrido. |
| 264 |
_aSanto Domingo : _bSecretaría de Educación, Bellas Artes y Cultos, _c1977 |
||
| 300 |
_a268 páginas : _bIlustraciones, gráficas ; _c27 cm. |
||
| 336 |
_2rdacontent _atexto _btxt |
||
| 337 |
_2rdamedia _asin mediación _bn |
||
| 338 |
_2rdacarrier _avolumen _bnc |
||
| 500 | _aPortada: Mural de Velaz Zanetti que se encuentra en la Secretaría de Estado de Educación, Bellas Artes y Cultos. | ||
| 504 | _aBibliografía: página, 268 | ||
| 505 |
_aPresentación. / _rDr. Leonardo Matos Berrido.-- _tOrdenanza No. 177 que establece el marco conceptual de la Educación Primaria.-- _tOrdenanza No. 177 que establece el nuevo currículo para la Educación Primaria Nacional.-- _tFundamentación y Estructuración.-- _tComisión elaboradora.-- _tEl lenguaje al Servicio de la Comunicación. 1er. Curso-- _tEl lenguaje al Servicio de la Comunicación. 2do. Curso-- _tMatemática Primer Curso.-- _tMatemática Segundo Curso.-- _tEstudios Sociales Primer Curso.-- _tEstudios Sociales Segundo Curso.-- _tReligión.-- _tLa Naturaleza y sus Manifestaciones - Primer Curso.-- _tLa Naturaleza y sus Manifestaciones - Segundo Curso.-- _tActividades Manuales y Artes Expresivas (Artes Plásticas y Educación Musical). Primer Curso.-- _tEducación Musical Primer Curso.-- _tEducación Musical Primer Curso.-- _tEducación Musical Segundo Curso.-- _tEducación Física.-- _tBibliografía. |
||
| 590 | _aInventariado 2023 / MF | ||
| 700 | 1 |
_aMatos Berrido, Leonardo, _924949 _epresentación |
|
| 942 |
_2ddc _cLBS1 |
||
| 999 |
_c55364 _d55364 |
||